Pays les plus proches de Japon - Statistiques

Statistiques générales
  • Ce quiz a été pris 814 fois
  • Le résultat moyen est 16 sur 20
Statistiques - réponses
km pays % Correct
331 Chine
99%
420 Corée du Nord
98%
50 Corée du Sud
98%
43 Russie
98%
107 Taïwan
92%
2192 Indonésie
91%
1558 Viêt Nam
91%
1864 Laos
89%
2041 Thaïlande
89%
2578 Inde
87%
1640 Mongolie
87%
568 Philippines
87%
1943 Cambodge
86%
1984 Malaisie
86%
2251 Birmanie
79%
3073 Bangladesh
68%
2309 Brunei
62%
2136 Micronésie
53%
2195 Etats-Unis
50%
2128 Palaos
49%
Aucun quiz correspondant
Distribution des résultats
% des personnes avec chaque résultat
Percentile par nombre de réponses
Votre historique - résultats
Vous n’avez pas pris ce quiz